000 00694nam a22001937a 4500
003 0
005 20230830152744.0
008 230830b xxu||||| |||| 00| 0 eng d
020 _a978-971-550-945-9
050 _aJZ 1403
_b.En58 2019
100 _aEnverga, Manuel R.
245 _aPracticing diplomacy : perspectives, applications, and simulations
_cManuel R. Enverga II
260 _aQuezon City
_bBluebooks, an imprint of Ateneo de Manila University Press
_cc2019.
300 _axi, 143 pages ;
_c23 cm.
500 _aDiplomacy--study and teaching (Higher).
504 _aIncludes bibliographical references.
650 _aDiplomacy--study and teaching (Higher).
942 _2lcc
_cBK
999 _c365236
_d365236